Top 5 Rappers Per Year (1985–2025) - Statistics

General Stats
  • This quiz has been taken 83 times
    2 since last reset
  • The average score is 90 of 205
Answer Stats
Rank Artist(s) % Correct
1 | 3 2Pac
100%
1 50 Cent
100%
3 | 4 | 5 Chuck D
100%
1 | 2 | 4 | 5 Drake
100%
5 Drake/21Savage
100%
1 | 3 | 5 Eminem
100%
3 Future
100%
5 Ice-T
100%
1 | 2 | 3 | 4 Kanye West
100%
1 | 2 | 4 Lil Wayne
100%
5 Playboi Carti
100%
5 Pop Smoke
100%
1 | 2 Travis Scott
100%
4 21 Savage
50%
5 Busta Rhymes
50%
3 | 4 Cardi B
50%
1 DaBaby
50%
1 | 3 DMX
50%
4 | 5 Doja Cat
50%
1 Dr. Dre
50%
1 | 2 | 3 | 4 Jay-Z
50%
1 | 2 | 4 J. Cole
50%
1 | 2 | 3 | 4 Kendrick Lamar
50%
1 Lil Baby
50%
3 Lil Durk
50%
2 | 3 Megan Thee Stallion
50%
3 Metro Boomin
50%
4 Migos
50%
1 | 2 | 3 | +2 others Nas
50%
1 | 2 | 3 | +2 others Nicki Minaj
50%
5 OutKast
50%
5 Rick Ross
50%
5 Slick Rick
50%
1 | 3 Snoop Dogg
50%
1 | 2 The Notorious B.I.G.
50%
1 | 2 | 3 | 4 T.I.
50%
1 | 3 | 5 Tyler, The Creator
50%
5 Young Thug
50%
3 | 4 Andre 3000
0%
5 AZ
0%
3 | 4 Big Daddy Kane
0%
4 Big Pun
0%
1 | 5 Chance the Rapper
0%
2 | 4 | 5 Clipse
0%
5 Common
0%
3 DMC
0%
2 | 5 Freddie Gibbs
0%
4 Ghostface Killah
0%
5 Grandmaster Melle Mel
0%
4 GZA
0%
1 | 2 Ice Cube
0%
3 | 5 Jadakiss
0%
4 | 5 JID
0%
4 | 5 Killer Mike
0%
4 Kool Moe Dee
0%
2 | 3 | 4 KRS-One
0%
3 | 4 Lauryn Hill
0%
2 | 3 | 5 LL Cool J
0%
4 Ludacris
0%
5 Lupe Fiasco
0%
4 | 5 Method Man
0%
5 MF DOOM
0%
4 Missy Elliot
0%
5 Nelly
0%
1 | 2 Pusha T
0%
2 Q-Tip
0%
3 Raekwon
0%
1 | 2 | 3 Rakim
0%
5 Redman
0%
1 Run-D.M.C.
0%
3 Run the Jewels
0%
3 | 4 | 5 Scarface
0%
4 The Game
0%
5 Vince Staples
0%
5 Wu-Tang Clan
0%
5 YG
0%
3 | 4 Young Jeezy
0%
No matching quizzes found
Score Distribution
Percent of People with Each Score
Percentile by Number Answered
Your Score History
You have not taken this quiz since the last reset